000 00646nam a2200181 i 4500
001 112401
003 ES-MaACL
005 20230906185525.0
007 t|
008 061121s1983 sp r ||||1| spa d
100 1 _aMuñoz Goyanes, Guillermo.
_984432
245 1 0 _aCrónica sobre bosques y montes de la península hispánica /
_cpor Guillermo Muñoz Goyanes.
260 _aMadrid :
_bFundación Conde del Valle de Salazar,
_c1983.
300 _aIII, 453 p. ;
_c23 cm.
650 4 _aBosques-
_zPenínsula Ibérica-
_vHistoria.
_9164072
710 2 _aFundación Conde del Valle de Salazar (Madrid)
_94255
852 _aES-MaACL
_jL-7624
_bR.107015
999 _c112401
_d112401